Forza Horizon Countries - Statistics

General Stats
  • This quiz has been taken 657 times
    162 since last reset
  • The average score is 6 of 7
Answer Stats
Game Countries % Correct
Forza Horizon 5 Mexico
98%
Forza Horizon 6 Japan
97%
Forza Horizon 4 United Kingdom
96%
Forza Horizon United States
96%
Forza Horizon 3 Australia
88%
Forza Horizon 2 France
83%
Forza Horizon 2 Italy
83%
No matching quizzes found
Score Distribution
Percent of People with Each Score
Percentile by Number Answered
Your Score History
You have not taken this quiz since the last reset